Las Naciones Unidas y el desarme: breve reseña /

Сохранить в:
Библиографические подробности
Корпоративные авторы: Naciones Unidas, Departamento de Asuntos de Desarme
Формат: Текст
Опубликовано: Nueva York: NU
Метки: Добавить метку
Нет меток, Требуется 1-ая метка записи!

MARC

LEADER 00000 a a2200000 04500
001 23567
003
040
090 |a 164800  
110 |a Naciones Unidas  
245 |a Las Naciones Unidas y el desarme: breve reseña /  |c Naciones Unidas  
260 |a Nueva York:   |b NU  
300 |a 118 p.  
710 |a Departamento de Asuntos de Desarme  
999 |c 9661  |d 9661